|
|
|
|
| LEADER |
02506nam a2200553 4500 |
| 001 |
978-3-319-70190-5 |
| 003 |
DE-He213 |
| 005 |
20191220131237.0 |
| 007 |
cr nn 008mamaa |
| 008 |
180806s2019 gw | s |||| 0|eng d |
| 020 |
|
|
|a 9783319701905
|9 978-3-319-70190-5
|
| 024 |
7 |
|
|a 10.1007/978-3-319-70190-5
|2 doi
|
| 040 |
|
|
|d GrThAP
|
| 050 |
|
4 |
|a TL787-4050.22
|
| 050 |
|
4 |
|a TC1-1800
|
| 072 |
|
7 |
|a TRP
|2 bicssc
|
| 072 |
|
7 |
|a TEC002000
|2 bisacsh
|
| 072 |
|
7 |
|a TRP
|2 thema
|
| 072 |
|
7 |
|a TTDS
|2 thema
|
| 082 |
0 |
4 |
|a 629.1
|2 23
|
| 100 |
1 |
|
|a Tavares, Sérgio M. O.
|e author.
|4 aut
|4 http://id.loc.gov/vocabulary/relators/aut
|
| 245 |
1 |
0 |
|a Damage Tolerance of Metallic Aircraft Structures
|h [electronic resource] :
|b Materials and Numerical Modelling /
|c by Sérgio M. O. Tavares, Paulo M. S. T. de Castro.
|
| 250 |
|
|
|a 1st ed. 2019.
|
| 264 |
|
1 |
|a Cham :
|b Springer International Publishing :
|b Imprint: Springer,
|c 2019.
|
| 300 |
|
|
|a XV, 106 p. 50 illus., 42 illus. in color.
|b online resource.
|
| 336 |
|
|
|a text
|b txt
|2 rdacontent
|
| 337 |
|
|
|a computer
|b c
|2 rdamedia
|
| 338 |
|
|
|a online resource
|b cr
|2 rdacarrier
|
| 347 |
|
|
|a text file
|b PDF
|2 rda
|
| 490 |
1 |
|
|a SpringerBriefs in Computational Mechanics,
|x 2191-5342
|
| 505 |
0 |
|
|a 1 The application of the damage tolerance approach requires extensive -- 2 The engineering practice involving damage tolerance -- 3 The damage tolerance numerical techniques for stress analysis of cracked structures -- 4 The current 3D modeling based on energetic approaches.
|
| 520 |
|
|
|a .
|
| 650 |
|
0 |
|a Aerospace engineering.
|
| 650 |
|
0 |
|a Astronautics.
|
| 650 |
|
0 |
|a Metals.
|
| 650 |
|
0 |
|a Mechanics.
|
| 650 |
|
0 |
|a Mechanics, Applied.
|
| 650 |
1 |
4 |
|a Aerospace Technology and Astronautics.
|0 http://scigraph.springernature.com/things/product-market-codes/T17050
|
| 650 |
2 |
4 |
|a Metallic Materials.
|0 http://scigraph.springernature.com/things/product-market-codes/Z16000
|
| 650 |
2 |
4 |
|a Solid Mechanics.
|0 http://scigraph.springernature.com/things/product-market-codes/T15010
|
| 700 |
1 |
|
|a de Castro, Paulo M. S. T.
|e author.
|4 aut
|4 http://id.loc.gov/vocabulary/relators/aut
|
| 710 |
2 |
|
|a SpringerLink (Online service)
|
| 773 |
0 |
|
|t Springer eBooks
|
| 776 |
0 |
8 |
|i Printed edition:
|z 9783319701899
|
| 776 |
0 |
8 |
|i Printed edition:
|z 9783319701912
|
| 830 |
|
0 |
|a SpringerBriefs in Computational Mechanics,
|x 2191-5342
|
| 856 |
4 |
0 |
|u https://doi.org/10.1007/978-3-319-70190-5
|z Full Text via HEAL-Link
|
| 912 |
|
|
|a ZDB-2-ENG
|
| 950 |
|
|
|a Engineering (Springer-11647)
|